000 00812nam a2200241Ia 4500
003 IN-BaIIA
008 211028s9999 xx s 000 0 eng d
020 _a978-3-642-30969-4 (Print)
020 _a978-3-642-30970-0 (Online)
022 _a0941-7834 (Print)
022 _a2196-9698 (Online)
040 _cIIA Library
100 _aCourvoisier, Thierry J.-L.
245 0 _aHigh Energy Astrophysics
_h[eBook]
260 _aHeidelberg, Berlin
_bSpringer Berlin Heidelberg
_c2013
300 _aOnline resource
490 _aAstronomy and Astrophysics Library
650 _a Astrophysics and Astroparticles
_918344
650 _a Particle Acceleration and Detection, Beam Physics
650 _aPhysics
_973
856 _uhttp://doi.org/10.1007/978-3-642-30970-0
_yClick Here to Access eBook
942 _cEB
999 _c20984
_d20984